000 00242nam a2200097Ia 4500
005 20251222154418.0
008 251222s9999||||xx |||||||||||||| ||spa||
082 _aREF.985.008/C76/T.XI/V.I
245 0 _aMisiones peruanas 1820-1826
942 _cLIB
999 _c35931
_d35931